=LDR 00000nam 2200000 4500 =001 INLIS000000000006270 =005 20251106100617 =035 ##$$a 0010-1125000144 =007 ta =008 251106###########################0#ind## =082 ##$$a 363.96 =084 ##$$a 363.96 BAD i =100 #$$a Badan Koordinasi Keluarga Berencana Nasional =245 1#$$a I.U.D Intra Uterine Device /$c Badan Koordinasi Keluarga Berencana Nasional =260 ##$:$b Badan Koordinasi Keluarga Berencana Nasional =300 ##$$a 23 Hal : $b Ilus ; $c 21 =650 #4$$a Keluarga Berencana =856 ##$$a Perpustakaan Kemendukbangga